| 000 | 01073cam a22003014a 4500 | ||
|---|---|---|---|
| 001 | 13337012 | ||
| 003 | OSt | ||
| 005 | 20180116192424.0 | ||
| 008 | 030909s2004 nyua 001 0 eng | ||
| 010 | _a 2003020002 | ||
| 020 | _a1401832865 (pbk.) | ||
| 040 |
_aDLC _cDLC _dDLC |
||
| 042 | _apcc | ||
| 050 | 0 | 0 |
_aNC997 _b.E94 2004 |
| 082 | 0 | 0 |
_a741.6 _222 |
| 100 | 1 |
_aEvans, Poppy, _d1949- _97801 |
|
| 245 | 1 | 0 |
_aExploring the elements of design / _cPoppy Evans, Mark Thomas. |
| 260 |
_aClifton Park, NY : _bThomson/Delmar Learning, _cc2004. |
||
| 300 |
_axvii, 206 p. : _bcol. ill. ; _c26 cm. |
||
| 500 | _aIncludes index. | ||
| 650 | 0 |
_aGraphic arts. _97802 |
|
| 650 | 0 |
_aCommercial art. _97803 |
|
| 700 | 1 |
_aThomas, Mark _q(Mark Andrew), _d1952- _97804 |
|
| 856 | 4 | 1 |
_3Table of contents _uhttp://www.loc.gov/catdir/toc/ecip048/2003020002.html |
| 906 |
_a7 _bcbc _corignew _d1 _eecip _f20 _gy-gencatlg |
||
| 942 |
_2ddc _cBK |
||
| 999 |
_c354017 _d354017 |
||